000 00288nam a2200121Ia 4500
008 190216s9999||||xx |||||||||||||| ||und||
100 _aRaja P K S
245 0 _aMedieval Kerala
260 _bS Chand & Co
_c1987
300 _a275p
650 _aKerala History-Kerala History
942 _cBK
999 _c18901
_d18901